Les 27 pays membres de l'union européenne - Statistiques

Statistiques générales
  • Ce quiz a été pris 8 128 fois
  • Le résultat moyen est 22 sur 27
Statistiques - réponses
Pays de l'Union européenne % Correct
France
99%
Allemagne
96%
Espagne
96%
Portugal
93%
Belgique
92%
Italie
89%
Estonie
86%
Lituanie
86%
Suède
86%
Finlande
85%
Autriche
84%
Lettonie
84%
Luxembourg
83%
Grèce
82%
Pologne
82%
Hongrie
81%
Pays-Bas
81%
Croatie
80%
Irlande
80%
Danemark
79%
Roumanie
79%
Slovaquie
79%
Bulgarie
77%
Slovénie
77%
République Tchèque
72%
Malte
71%
Chypre
66%
Aucun quiz correspondant
Distribution des résultats
% des personnes avec chaque résultat
Percentile par nombre de réponses
Votre historique - résultats
Vous n’avez pas pris ce quiz